| 000 | 00880cam a2200361 4500 | ||
|---|---|---|---|
| 008 | 000000n2000 000 0 eng u | ||
| 020 | _a0415234387 | ||
| 035 | _a(Sirsi) u105603 | ||
| 041 | _a692.50956 | ||
| 110 |
_aFranklin and Andrews _92518 |
||
| 245 | _aSpon's Middle East construction costs handbook. | ||
| 260 |
_aLondon _bE & F N Spon _c2000 |
||
| 300 | _axi, 331p. ; 24cm. | ||
| 350 | _a99.00 | ||
| 650 | _aMIDDLE EAST | ||
| 650 | _aBAHRAIN | ||
| 650 | _aEGYPT | ||
| 650 | _aIRAN | ||
| 650 | _aIRAQ | ||
| 650 | _aJORDAN | ||
| 650 | _aKUWAIT | ||
| 650 | _aLEBANON | ||
| 650 | _aOMAN | ||
| 650 | _aQATAR | ||
| 650 | _aSAUDI ARABIA | ||
| 650 | _aSYRIA | ||
| 650 | _aTURKEY | ||
| 650 | _aUNITED ARAB EMIRATES | ||
| 650 | _aCONSTRUCTION COSTS | ||
| 650 | _aBUILDING PRICE BOOKS | ||
| 690 | _aBUILT ENVIRONMENT-BUILDING COSTS | ||
| 942 | _n0 | ||
| 999 |
_c100439 _d100439 |
||